| 000 | 00675nam a2200277Ia 4500 | ||
|---|---|---|---|
| 001 | Z_934 | ||
| 003 | CHAP | ||
| 008 | 220113s1985 xx 000 0 und d | ||
| 010 | _a164010 | ||
| 040 | _cCHAP | ||
| 082 | _a636.2 S2 | ||
| 100 |
_aSchmidt, Peter Jonathan _9103061 |
||
| 245 |
_aBeef cattle production / _cby P. J. Schmidt and N. T. M. Yeates |
||
| 260 |
_aSydney : _bButterworths, _c1985 |
||
| 300 |
_a338 p. : _bilus. |
||
| 440 | _a | ||
| 500 | _a | ||
| 503 | _a151085 | ||
| 650 |
_aGanado vacuno _xProducción I. Yeates, N. T. M. II. t. _9138072 |
||
| 901 | _a636.2 S2 | ||
| 902 | _aA | ||
| 910 | _a1985 | ||
| 942 | _c1 | ||
| 942 | _cc1 | ||
| 999 |
_c164010 _d164010 |
||